PV Charging and Storage for Electric Vehicles (Record no. 28961)
[ view plain ]
| 000 -LEADER | |
|---|---|
| fixed length control field | 01028nam a2200133Ia 4500 |
| 008 - FIXED-LENGTH DATA ELEMENTS--GENERAL INFORMATION | |
| fixed length control field | 220620s9999||||xx |||||||||||||| ||und|| |
| 020 ## - INTERNATIONAL STANDARD BOOK NUMBER | |
| International Standard Book Number | 9783040000000 |
| 245 #0 - TITLE STATEMENT | |
| Title | PV Charging and Storage for Electric Vehicles |
| 546 ## - LANGUAGE NOTE | |
| Language note | English[eng] |
| 650 ## - SUBJECT ADDED ENTRY--TOPICAL TERM | |
| Topical term or geographic name entry element | electric vehicle||demand forecasting||peak shaving||smart charging||robust optimization||Energy management and control||particle swarm optimization (PSO)||hybrid AC/DC microgrid||electric vehicle charging and discharging control||artificial physics optimization (APO)||vehicle to grid||V2G||battery degradation||Li-ion||real-time||moving horizon window||battery charger||electric bike||photovoltaic system||power converter||wireless power transfer||plug-in electric vehicle||energy management system||renewable energy||vehicle-to-grid||life cycle assessment||CO2 emissions||photovoltaic systems||electric vehicles||VIPV||cost–benefit analysis |
| 700 ## - ADDED ENTRY--PERSONAL NAME | |
| Personal name | Bauer, Pavol||Chandra Mouli, Gautham Ram |
| 856 ## - ELECTRONIC LOCATION AND ACCESS | |
| Uniform Resource Identifier | <a href="https://mdpi.com/books/pdfview/book/4157">https://mdpi.com/books/pdfview/book/4157</a> |
| 942 ## - ADDED ENTRY ELEMENTS (KOHA) | |
| Koha item type | E-Books |
| Withdrawn status | Lost status | Damaged status | Not for loan | Home library | Current library | Date acquired | Total Checkouts | Date last seen | Price effective from | Koha item type |
|---|---|---|---|---|---|---|---|---|---|---|
| Kerala University of Digital Sciences, Innovation and Technology Knowledge Centre | Kerala University of Digital Sciences, Innovation and Technology Knowledge Centre | 20/06/2022 | 20/06/2022 | 20/06/2022 | E-Books |